00458nam a22001577a 4500020001800000082001900018100002100037245008500058250001200143260004500155300001000200650002800210650002200238650002500260650001500285 a9788119443222 aM301 07bUNN/C aUnnikrishnan A M aChithayum chidakasavum:bnaveenatha malayala cherukadhayil/cby Unnikrishnan A M a4th ed. aKozhikode:bPavanatma Publishers,c2024. a219p. aStories Malayalam Study aStories Malayalam aLiterature Malayalam aLiterature